000 00435cam a2200181 4500
001 D11908
008 090401t1942 xxu||||| |||| 00| 0 eng d
035 _a(Sirsi) u227
041 _aeng
100 _aAdkin, B. W.
245 2 _aA handbook of the law relating to landlord and tenant
250 _a11th rev
260 _aLondon
_bEstates Gazette
_c1942
350 _a0
520 _aShelf 151
942 _n0
948 _c04/03/1997
999 _c85492
_d85492